[Event "Santa Eugenia op 9th"]
[Site "Santa Eugenia"]
[Date "2014.04.25"]
[Round "1"]
[White "Saurina Suner, Francesc Xavier"]
[Black "Tura Moner, Carles"]
[Result "1-0"]
[WhiteElo "2068"]
[BlackElo "1772"]
[PlyCount "50"]
[EventDate "2014.04.25"]
[EventType "swiss"]
[EventRounds "9"]
[EventCountry "ESP"]
[SourceTitle "EXT 2015"]
[Source "ChessBase"]
[SourceDate "2014.11.20"]
[SourceVersion "1"]
[SourceVersionDate "2014.11.20"]
[SourceQuality "1"]

1. e4 c5 2. Nc3 a6 3. a4 Nc6 4. f4 e6 5. Nf3 Be7 6. d3 d6 7. g3 Bf6 8. Bd2 Nge7 9. Bg2 0-0 10. 0-0 c4 11. Kh1 e5 12. f5 Kh8 13. dxc4 g6 14. g4 Bd7 15. g5 Ng8 16. gxf6 Nxf6 17. Bg5 Nb4 18. Qxd6 Kg7 19. Qxb4 Bc6 20. Nxe5 Qc7 21. fxg6 fxg6 22. Bxf6+ Rxf6 23. Rxf6 Kxf6 24. Rf1+ Kxe5 25. Qc5+ Ke6 1-0